| 000 | 00775nam a2200229Ia 4500 | ||
|---|---|---|---|
| 005 | 20241129105856.0 | ||
| 008 | 241129s9999||||xx |||||||||||||| ||und|| | ||
| 020 | _a978-81-7315-816-2 | ||
| 037 | _aTB | ||
| 040 |
_aARTS _bhin _cARTS |
||
| 041 |
_ahin _2guj |
||
| 084 |
_aO156,3N66,KR 152Q1 _qARTS |
||
| 100 | _aवैद्य, काजल ओझा, ले. | ||
| 245 | 0 |
_aकृष्णायन _cवैद्य, काजल ओझा, ले. |
|
| 260 |
_aदिल्ली, भारत _bप्रभात प्रकाशन _c2020 |
||
| 300 | _a199पृ0 | ||
| 365 |
_aINR _b400 |
||
| 546 | _aTranslated from Gujrati to Hindi | ||
| 650 |
_aGujarati Fiction _9726555 |
||
| 942 |
_cTB _hO156,3N66,KR 152Q1 |
||
| 999 |
_c1226391 _d1226391 |
||